Elenca la formazione - Quiz n°276 - Statistics

Statistiche generali
  • Questo quiz è stato fatto 44 volte
  • Il punteggio medio è 10 su 11
Statistiche sulle risposte
Ruolo Club dell'epoca Calciatore % Corretto
Portiere Juventus Gianluigi Buffon
100%
Difensore Juventus Leonardo Bonucci
100%
Difensore Juventus Andrea Barzagli
98%
Difensore Juventus Giorgio Chiellini
98%
Attaccante Manchester City Mario Balotelli
98%
Centrocampista Roma Daniele De Rossi
95%
Centrocampista Juventus Claudio Marchisio
93%
Mediano Juventus Andrea Pirlo
90%
Attaccante Milan Antonio Cassano
76%
Difensore Milan Ignazio Abate
69%
Centrocampista Fiorentina Riccardo Montolivo
62%
Nessun quiz corrispondente trovato
Distribuzione punteggi
Percentuale di utenti per punteggio
Percentile per numero di risposta
I tuoi punteggi nel tempo
Non hai fatto questo quiz